000 01299nam a2200313 i 4500
001 6524
003 ES-MaACL
005 20230906144956.0
007 t|
008 891211s1984 sp |||| | spa d
020 _a84-249-0967-4
080 _a87-14(082.2)
245 0 0 _aPoesía latina pastoril, de caza y pesca /
_cintroducciones, traducciones y notas de José A. Correa Rodríguez.
260 _aMadrid :
_bGredos,
_c[1984]
300 _a227 p. ;
_c20 cm.
490 1 _aBiblioteca clásica Gredos ;
_v76
500 _aÍndices.
505 8 _aContiene: ;
_tCinegética /
_rGratio. --
_tHaliéutica /
_rP. Ovido Nasón. --
_tBucólicas /
_rT. Calpurnio Sículo. --
_tBucólicas Einsidlenses; Cinegética; De la caza de los pájaros /
_rM. Aurelio Olimpio Nemesiano. --
_tDe la mortandad de bueyes /
_rSevero Santo Endelequio
650 4 _aPoesías pastoriles latinas.
_9167903
700 1 _aGracio, Falisco.
_9167906
700 1 _aOvidio Nasón, Publio.
_988013
700 1 _aCalpurnio Siculo, Tito Julio.
_933784
700 1 _aNemesiano, Marco Aurelio Olimpio.
_985377
700 1 _aSevero Santo.
_9105925
700 1 _aCorrea Rodríguez, José A.
_940756
830 0 _aBiblioteca clásica Gredos ;
_v76
_9177556
852 _aES-MaACL
_jL-13685
_z- Enc. plast.
999 _c6524
_d6524